Business ethics: (Record no. 209424)
[ view plain ]
| 000 -LEADER | |
|---|---|
| fixed length control field | 00847nam a2200241Ia 4500 |
| 005 - DATE AND TIME OF LATEST TRANSACTION | |
| control field | 20220214180656.0 |
| 008 - FIXED-LENGTH DATA ELEMENTS--GENERAL INFORMATION | |
| fixed length control field | 210716s2009 xx 000 0 und d |
| 020 ## - INTERNATIONAL STANDARD BOOK NUMBER | |
| International Standard Book Number | 9780195691658 |
| 040 ## - CATALOGING SOURCE | |
| Transcribing agency | AIMIT LIBRARY |
| 041 ## - LANGUAGE CODE | |
| Language code of text/sound track or separate title | eng |
| 082 ## - DEWEY DECIMAL CLASSIFICATION NUMBER | |
| Classification number | 174.4 |
| Edition number | 3 |
| Item number | CRAA |
| 100 ## - MAIN ENTRY--PERSONAL NAME | |
| Personal name | Crane, Andrew. |
| 9 (RLIN) | 19841 |
| 245 ## - TITLE STATEMENT | |
| Title | Business ethics: |
| Remainder of title | managing corporate citizenship and sustainability in the age of globalization / |
| Statement of responsibility, etc. | By Andrew Crane and Dirk Matten. |
| 250 ## - EDITION STATEMENT | |
| Edition statement | 3rd ed. |
| 260 ## - PUBLICATION, DISTRIBUTION, ETC. | |
| Place of publication, distribution, etc. | New Delhi : |
| Name of publisher, distributor, etc. | Oxford University Press , |
| Date of publication, distribution, etc. | 2009. |
| 300 ## - PHYSICAL DESCRIPTION | |
| Extent | xxv,614p. ; |
| Dimensions | 24 cm. |
| 650 ## - SUBJECT ADDED ENTRY--TOPICAL TERM | |
| Topical term or geographic name entry element | Business Ethics. |
| 9 (RLIN) | 19842 |
| 650 ## - SUBJECT ADDED ENTRY--TOPICAL TERM | |
| Topical term or geographic name entry element | Shareholders and Businss Ethics. |
| 9 (RLIN) | 19844 |
| 650 ## - SUBJECT ADDED ENTRY--TOPICAL TERM | |
| Topical term or geographic name entry element | Civil Society and Business Ethics. |
| 9 (RLIN) | 19845 |
| 650 ## - SUBJECT ADDED ENTRY--TOPICAL TERM | |
| Topical term or geographic name entry element | Employees and Business Ethics. |
| 9 (RLIN) | 19846 |
| 700 ## - ADDED ENTRY--PERSONAL NAME | |
| Personal name | Matten, Dirk. |
| 9 (RLIN) | 19843 |
| 942 ## - ADDED ENTRY ELEMENTS (KOHA) | |
| Source of classification or shelving scheme | Dewey Decimal Classification |
| Koha item type | Book |
| Edition | 3rd. |
| Call number prefix | 174.4 CRAA |
| Withdrawn status | Lost status | Source of classification or shelving scheme | Damaged status | Not for loan | Collection code | Home library | Current library | Date acquired | Cost, normal purchase price | Inventory number | Total Checkouts | Full call number | Barcode | Date last seen | Date last checked out | Cost, replacement price | Price effective from | Koha item type |
|---|---|---|---|---|---|---|---|---|---|---|---|---|---|---|---|---|---|---|
| Dewey Decimal Classification | MBA | St Aloysius Institute of Management & Information Technology | St Aloysius Institute of Management & Information Technology | 11/16/2015 | 521.00 | Bill no:612; Bill dt:2015-10-20 | 4 | 174.4 CRAA | MBA11990 | 05/23/2026 | 11/11/2024 | 390.75 | 07/16/2021 | Book | ||||
| Dewey Decimal Classification | MBA | St Aloysius Institute of Management & Information Technology | St Aloysius Institute of Management & Information Technology | 11/16/2015 | 521.00 | Bill no:612; Bill dt:2015-10-20 | 1 | 174.4 CRAA | MBA11991 | 05/23/2026 | 10/07/2024 | 390.75 | 07/16/2021 | Book | ||||
| Dewey Decimal Classification | MBA | St Aloysius Institute of Management & Information Technology | St Aloysius Institute of Management & Information Technology | 11/16/2015 | 521.00 | Bill no:612; Bill dt:2015-10-20 | 2 | 174.4 CRAA | MBA11992 | 06/02/2026 | 12/05/2025 | 390.75 | 07/16/2021 | Book | ||||
| Dewey Decimal Classification | MBA | St Aloysius Institute of Management & Information Technology | St Aloysius Institute of Management & Information Technology | 11/16/2015 | 521.00 | Bill no:612; Bill dt:2015-10-20 | 1 | 174.4 CRAA | MBA11993 | 05/23/2026 | 10/21/2021 | 390.75 | 07/16/2021 | Book | ||||
| Dewey Decimal Classification | MBA | St Aloysius Institute of Management & Information Technology | St Aloysius Institute of Management & Information Technology | 11/16/2015 | 521.00 | Bill no:612; Bill dt:2015-10-20 | 1 | 174.4 CRAA | MBA11994 | 05/23/2026 | 09/18/2021 | 390.75 | 07/16/2021 | Book |